| 000 | 01172cam a22003135a 4500 | ||
|---|---|---|---|
| 001 | E142824 | ||
| 008 | 080312s2008 xxkdoa f 000 0 eng d | ||
| 020 | _a9781848060319 | ||
| 035 | _a(Sirsi) u142824 | ||
| 041 | _aeng | ||
| 050 | 0 | 4 |
_a725.54 _c18 |
| 100 | 1 | _aGarvin, Stephen | |
| 245 | 0 | 0 | _aAccess to buildings |
| 260 |
_aGarston _bIHS BRE _c2008 |
||
| 300 |
_a12p. _bill. _c30cm. |
||
| 490 |
_aBRE Digest _v(DG 505) |
||
| 520 | _aSets out the basic requirements for accessible buildings to benefit all users. This guidance does not cover all specialist areas and it is recommended that designers also consult BS 8300 or the building regulations. | ||
| 521 | _aAdvanced | ||
| 590 | _aKA | ||
| 650 | 2 | 4 | _aDISABILITY DISCRIMINATION ACT 1995 |
| 650 | 2 | 4 | _aBS 8300: 2001 |
| 650 | 2 | 4 | _aBUILDING REGULATIONS 2000 APPROVED DOCUMENT M (2004 EDITION) |
| 650 | 2 | 4 | _aDISABILITY DISCRIMINATION ACT 2005 |
| 651 | 4 |
_aUnited Kingdom _y |
|
| 690 | _aMANAGEMENT-BUSINESS MANAGEMENT-DISCRIMINATION-DISABILITY DISCRIMINATION-ACCESSIBILITY | ||
| 690 | _aBUILT ENVIRONMENT-CONSTRUCTION DESIGN | ||
| 710 |
_aBuilding Research Establishment Scotland _95512 |
||
| 942 | _n0 | ||
| 999 |
_c107997 _d107997 |
||